Todos estamos en peligro : entrevistas e intervenciones /

Bibliographic Details
Other Authors: Giménez Merino, Antonio, 1966- (Editor, Translator), Torrell, Josep (Editor, Translator), Capella, Juan Ramón, 1939- (Editor, Translator)
Format: Electronic eBook
Language:Spanish
Italian
Published: Madrid : Editorial Trotta, [2018]
Series:Dicha de enmudecer.
Subjects:
Online Access:Digitalia Hispánica

MARC

LEADER 00000nam a2200000 i 4500
001 DIGTRO0120
003 NyNyDIG
006 m o d
008 210630s2018 sp o 000 m spa d
007 cr |||||||||||
035 |a (OCoLC)1260469542 
040 |a DGITA  |b eng  |e rda  |e pn  |c DGITA 
020 |a 9788498799194  |q eBook 
020 |a 8498799198  |q eBook 
020 |z 9788498796889 
020 |z 8498796881 
041 1 |a spa  |h ita 
043 |a e-it--- 
050 1 4 |a PN1998.3.P367 ebook 
100 1 |a Pasolini, Pier Paolo,  |d 1922-1975,  |e interviewee. 
240 1 0 |a Interviews.  |k Selections.  |l Spanish 
245 1 0 |a Todos estamos en peligro :  |b entrevistas e intervenciones /  |c Pier Paolo Pasolini ; edición y traducción de Antonio Giménez Merino, Josep Torrell y Juan-Ramón Capella. 
264 1 |a Madrid :  |b Editorial Trotta,  |c [2018] 
300 |a 1 online resource. 
336 |a text  |b txt  |2 rdacontent 
337 |a computer  |b c  |2 rdamedia 
338 |a online resource  |b cr  |2 rdacarrier 
347 |a text file  |2 rdaft 
347 |b PDF 
490 1 |a La dicha de enmudecer 
588 0 |a Online resource; title from PDF title page (Digitalia, viewed June 30, 2021) 
600 1 0 |a Pasolini, Pier Paolo,  |d 1922-1975  |x Interviews. 
650 0 |a Motion picture producers and directors  |z Italy  |v Interviews. 
600 1 0 |a Pasolini, Pier Paolo,  |d 1922-1975  |x Political and social views. 
650 0 |a Authors, Italian  |y 20th century  |v Interviews. 
655 0 |a Electronic books. 
700 1 |a Giménez Merino, Antonio,  |d 1966-  |e editor,  |e translator. 
700 1 |a Torrell, Josep,  |e editor,  |e translator. 
700 1 |a Capella, Juan Ramón,  |d 1939-  |e editor,  |e translator. 
791 2 |a Digitalia (Firm),  |e distributor. 
793 0 |g Digitalia eBook Collection:  |a Trotta Editorial 
776 0 8 |i Print version:  |a Pasolini, Pier Paolo, 1922-1975.  |s Interviews. Selections. Spanish.  |t Todos estamos en peligro.  |d Madrid : Editorial Trotta, [2018]  |z 9788498796889  |w (OCoLC)1039079199 
830 0 |a Dicha de enmudecer. 
856 4 0 |3 Digitalia Hispánica  |u https://www.digitaliapublishing.com/a/67431/ 
910 |a Premium collection: 2021